Celebrity Houses - Statistics

General Stats
  • This quiz has been taken 16 times
  • The average score is 5 of 14
Answer Stats
Picture Answer % Correct
Beyonce
79%
Rihanna
64%
Taylor Swift
57%
Brad Pitt
36%
Dwayne Johnson
36%
Barack Obama
29%
Elon Musk
29%
Selena Gomez
29%
Angelina Jolie
21%
Ariana Grande
21%
Ronaldo
21%
Leonardo DiCaprio
14%
Oprah Winfrey
14%
Johnny Depp
7%
No matching quizzes found
Score Distribution
Percent of People with Each Score
Percentile by Number Answered
Your Score History
You have not taken this quiz